Suvey on common infectious diseases of pig in phnomsrok district, banteay meanchey province, ការអង្គេតពីជំងឺឆ្លងដែលច្ករើនកើតមានលើជ្រូកសាច់នៅស្រុកភ្នំស្រុក ខេត្តបន្ទាយមានជ័យ (Record no. 2720)

000 -LEADER
fixed length control field 00692nam a22001577a 4500
003 - CONTROL NUMBER IDENTIFIER
control field OSt
005 - DATE AND TIME OF LATEST TRANSACTION
control field 20151026104041.0
008 - FIXED-LENGTH DATA ELEMENTS--GENERAL INFORMATION
fixed length control field 151026b xxu||||| |||| 00| 0 eng d
040 ## - CATALOGING SOURCE
Transcribing agency RUA
082 ## - DEWEY DECIMAL CLASSIFICATION NUMBER
Classification number AVM PEK 2013 B105 Or.1
100 ## - MAIN ENTRY--PERSONAL NAME
9 (RLIN) 2902
Personal name PEK, SOTOME.
245 ## - TITLE STATEMENT
Title Suvey on common infectious diseases of pig in phnomsrok district, banteay meanchey province, ការអង្គេតពីជំងឺឆ្លងដែលច្ករើនកើតមានលើជ្រូកសាច់នៅស្រុកភ្នំស្រុក ខេត្តបន្ទាយមានជ័យ
260 ## - PUBLICATION, DISTRIBUTION, ETC. (IMPRINT)
Place of publication, distribution, etc. phnom penh
Name of publisher, distributor, etc. RUA
Date of publication, distribution, etc. 2013
300 ## - PHYSICAL DESCRIPTION
Extent VIII,42p.
Other physical details ill.
Dimensions 29cm.
942 ## - ADDED ENTRY ELEMENTS (KOHA)
Source of classification or shelving scheme
Koha item type AVM
Holdings
Price effective from Date last seen Permanent Location Not for loan Date acquired Source of classification or shelving scheme Koha item type Lost status Withdrawn status Date last checked out Total Checkouts Shelving location Damaged status Barcode Current Location Full call number
2015-10-262016-10-07Library Block B 2015-10-26 AVM  2016-08-314B105 RUA016263Library Block BAVM PEK 2013 B105 Or.1
2015-10-262015-10-26Library Block B 2015-10-26 AVM    B105 RUA016335Library Block BAVM PEK 2013 B105 Or.2
2015-10-262015-10-26Library Block B 2015-10-26 AVM    B105 RUA016353Library Block BAVM PEK 2013 B105 Or.3
2015-10-262016-08-08Library Block B 2015-10-26 AVM  2016-07-251B105 RUA016257Library Block BAVM PEK 2013 B105 Or.4
2015-10-262015-10-26Library Block B 2015-10-26 AVM    B105 RUA016494Library Block BAVM PEK 2013 B105 Or.5
2015-10-262015-10-26Library Block B 2015-10-26 AVM    B105 RUA016422Library Block BAVM PEK 2013 B105 Or.6
2015-10-262015-10-26Library Block B 2015-10-26 AVM    B105 RUA015999Library Block BAVM PEK 2013 B105 Or.7
មជ្ឈមណ្ឌលឯការនៃសាកលវិទ្យាល័យភូមិន្ទកសិកម្មចំការដូង

Powered by Koha